000 01332nam a2200409 i 4500
001 16669
003 KOSZ 005
005 20191026103837.0
008 080530s1975 xxu f |000 0 eng
035 _a991042363899705066
035 _a(PL-WaBN)b21364394-48omnis_nlop
035 _ab21364394
035 _a(OCoLC)832221252
035 _a(PL)b0000002136439
035 _a(EXLNZ-48OMNIS_NETWORK)9910088918405606
040 _aWA N
_cWA N
_dKOSZ 005/EG
041 _aeng
080 _a811.111
080 _a(03)
100 1 _aDe Sola, Ralph
_d(1908- )
_eAutor
245 1 0 _aAbbreviations dictionary :
_babbreviations, acronyms ... signs and symbols /
_cby Ralph de Sola.
250 _aNew international 4-th ed.
260 _aNew York :
_bAmerican Elsevier Publ. Co.,
_c1975.
300 _aXIII, [1], 428 s. ;
_c24 cm.
336 _2rdacontent
_aTekst
_btxt
337 _2rdamedia
_aBez urządzenia pośredniczącego
_bn
338 _2rdacarrier
_aWolumin
_bnc
380 _aKsiążki
388 _a1901-2000
388 _a1945-1989
500 _aNa s. tyt. podtyt. wyprzedza tyt.
650 7 _aJęzyk angielski
658 _aJęzykoznawstwo
856 _uhttp://koha.tu.koszalin.pl/cgi-bin/koha/opac-detail.pl?biblionumber=16669
_yKatalog online BPK
942 _2UKD
_cKS
999 _c16669
_d16669